000 00733nam a2200229Ia 4500
003 OSt
005 20260120160022.0
008 220923b |||||||| |||| 00| 0 eng d
020 _a8176296694
037 _cGeneral Book
040 _aRTL
_cRTL
_beng
041 _2eng
_aeng
084 _aY:434.2.P, P5
_qRTL
245 0 _aPoverty in India: global and regional dimensions
_b
260 _a New Delhi
_bDeep and Deep Publisher India
_c2005
300 _axx, 451 p.
_bIncludes bibliographical references and index.
500 _aBibliography Chapterwise
650 _aSociology
_9940446
700 _a Rao K Nageswara
_eEditor
_9940447
942 _hY:434.2.P, P5
_cGB
_2CC
_n0
999 _c597608
_d597608